000 00761nam a2200145Ia 4500
008 231221s9999 xx 000 0 und d
041 _aEnglish
082 _aCPEC15-1080
100 _aVaishnavi. Titiksha. Vinay. Manikandan, J.
245 0 _aDesign And Evaluation Of Universal Modulators
260 _c2015
500 _aDesign And Evaluation Of Universal Modulators Vaishnavi, Titiksha, Vinay and Manikandan J Department of Telecommunication, PES Institute of Technology, Bangalore Crucible of Research and Innovation (CORI), PES University, Bangalore Department of ECE, PES University, Bangalore Email: manikandanj@pes.edu 12th IEEE INDICON Conference, Delhi, pp.1-5, December 2015 ABSTRACT:
650 _aEvaluation,Universal,Modulators
942 _cIR
999 _c233605
_d233605